Sports Quiz

Random Sports or NFL Quiz

NFL Two 350+ Yard Passers In a Game Quiz Stats

 Plays Quiz Updated Jan 10, 2018

Challenge
Share
Tweet
Embed
Score 0/164 Timer 10:00
0 Plays Today
% Correct
Tom Brady
98.5%
Eli Manning
98.3%
Drew Brees
98.2%
Drew Brees
98.2%
Tom Brady
98.2%
Drew Brees
98.1%
Eli Manning
97.9%
Peyton Manning
97.8%
Peyton Manning
97.8%
Peyton Manning
97.7%
Eli Manning
97.7%
Tom Brady
97.5%
Tom Brady
97.5%
Tom Brady
97.4%
Eli Manning
97.4%
Drew Brees
97.3%
Drew Brees
97.3%
Drew Brees
97.2%
Drew Brees
97.2%
Drew Brees
97.2%
Peyton Manning
97.1%
Peyton Manning
97.1%
Drew Brees
96.8%
Drew Brees
96.8%
Drew Brees
96.8%
Drew Brees
96.8%
Tom Brady
96.6%
Tom Brady
96.6%
Drew Brees
96.5%
Aaron Rodgers
95.7%
Aaron Rodgers
95.6%
Russell Wilson
95.2%
Matt Stafford
93.2%
Matt Stafford
93.2%
Philip Rivers
92.5%
Philip Rivers
91.9%
Philip Rivers
91.7%
Brett Favre
91.5%
Ben Roethlisberger
91.5%
Brett Favre
91.4%
Andrew Luck
91.3%
Andrew Luck
91.3%
Philip Rivers
91.2%
Philip Rivers
91.2%
Matthew Stafford
90.9%
Ben Roethlisberger
90.8%
Donovan McNabb
90.5%
Ben Roethlisberger
90.5%
Ben Roethlisberger
90.5%
Donovan McNabb
90.5%
Donovan McNabb
90.5%
Matthew Stafford
90.3%
Matthew Stafford
90.3%
Kirk Cousins
90.1%
Andrew Luck
89.8%
% Correct
Andrew Luck
89.8%
Joe Flacco
89.6%
Joe Flacco
89.6%
Joe Flacco
89.4%
Kirk Cousins
89.1%
Ben Roethlisberger
88.7%
Matt Schaub
86.4%
Derek Carr
85.3%
Jay Cutler
84.9%
Tony Romo
83.9%
Tony Romo
83.9%
Steve Young
83.1%
Steve Young
83.1%
Blake Bortles
83%
Alex Smith
81.1%
Vince Young
80.4%
Matt Schaub
80.1%
Andy Dalton
79.9%
Matt Hasselbeck
79.7%
Jay Cutler
79.5%
Deshaun Watson
78.4%
Matt Ryan
78.2%
Dan Marino
77.9%
Dan Marino
77.9%
Dan Marino
77.9%
Dan Marino
77.5%
Joe Montana
77.3%
Joe Montana
77.2%
Sam Bradford
76.7%
Daunte Culpepper
75.8%
Steve McNair
75.5%
Steve McNair
75.5%
Sam Bradford
75%
Marcus Mariota
72.4%
Nick Foles
72.2%
Troy Aikman
71.4%
Troy Aikman
71.4%
Rich Gannon
71.2%
Rich Gannon
71.2%
David Carr
70.9%
David Carr
70.9%
Matt Schaub
68.6%
Chad Henne
67.1%
Matt Flynn
65.7%
Michael Vick
65.7%
Kerry Collins
62.7%
Kerry Collins
62.6%
Carson Palmer
62.1%
Jim Kelly
62.1%
Warren Moon
61.8%
Warren Moon
61.8%
Ryan Fitzpatrick
60.5%
Drew Bledsoe
60.4%
Drew Bledsoe
60%
Trent Green
56.5%
% Correct
Jason Campbell
56.2%
Joe Namath
56%
Johnny Manziel
55.7%
Randall Cunningham
54.9%
Boomer Esiason
54.7%
Boomer Esiason
54.7%
Dan Fouts
54.1%
Dan Fouts
54.1%
Dan Fouts
54.1%
Vinny Testaverde
54%
Josh McCown
51.5%
Johnny Unitas
47.5%
Jon Kitna
47.2%
Carson Palmer
47.1%
Brad Johnson
44.7%
Joe Theismann
40.8%
Joe Theismann
40.8%
Joe Theismann
40.8%
Josh Freeman
39.7%
Ken Anderson
36%
Ron Jaworski
34.6%
Colt McCoy
33.8%
Chad Henne
33.5%
Jason Campbell
31.7%
Jim Plunkett
28.8%
Matt Cassel
28.6%
Ken O'Brien
27.6%
Ken O'Brien
27.6%
Ken O'Brien
27.6%
Chris Chandler
26.9%
Jeff George
26.8%
Jeff George
26.8%
Jeff George
26.8%
Jim Everett
25.8%
Jim Everett
25.8%
Brandon Weeden
24.3%
Dave Krieg
23.7%
Scott Mitchell
22.9%
Jim Miller
20.2%
Jim Miller
20.2%
Tommy Kramer
18.3%
Billy Volek
15.1%
Jim Harbaugh
14.6%
Tony Banks
13.5%
Jay Schroeder
13.1%
Jay Schroeder
13.1%
Jeff Blake
12.3%
Lynn Dickey
11.9%
Lynn Dickey
11.9%
Steve DeBerg
11.9%
Quinn Gray
6.9%
Bill Kenney
4.4%
Glenn Foley
4.4%
Bruce Mathison
1.1%

You're not logged in!

Compare scores with friends on all Sporcle quizzes.
Join for Free
OR
Log In

You Might Also Like...

Show Comments

Extras

Top Quizzes Today


Score Distribution

Your Account Isn't Verified!

In order to create a playlist on Sporcle, you need to verify the email address you used during registration. Go to your Sporcle Settings to finish the process.

Report this User

Report this user for behavior that violates our Community Guidelines.

Details: